AP Government Vocab - Statistics

General Stats
  • This quiz has been taken 59 times
  • The average score is 10 of 60
Answer Stats
Definition Vocab Term % Correct
Key parts of the Constitution that require each branch of the federal government to acquire the consent of the other two branches in order to act Checks and balances
78%
A body of representatives from each of the states in the U.S. who formally cast votes to elect the next president of the U.S. Electoral college
76%
Essays written by James Madison, John Jay, and Alexander Hamilton in 1788 urging the ratification of the U.S. Constitution following the drafting of the Constitution at the Constitutional Convention in Philadelphia in 1787 Federalist Papers
57%
Powers held by the federal government that are mentioned by name in the U.S. Constitution Enumerated powers
53%
Also known as "marble cake federalism." This is a political system wherein federal, state, and local governments share responsibility in governing the people, and they work together cooperatively to solve problems Cooperative federalism
51%
Powers held by the President that aren't explicitly mentioned in the Constitution, but which are sometimes necessary in order for the President to fulfill the duties of the office Inherent powers
45%
An agreement between a government and the people, in which the people consent to be governed so long as the government protects the natural rights of the people Social contract
41%
A political system that organizes a government into two or more levels that hold independent powers Federalism
39%
Part of Article 1 of the Constitution that allows Congress to regulate the buying and selling of goods across state lines (also known as interstate commerce). Commerce clause
33%
Grants given to local or state governments from the U.S. federal government. Block grants typically have some strings attached, but the local or state government also has the freedom to allocate the grant funds for a wide range of services to the state or locality Block grants
29%
Powers given by the U.S. Constitution to both national and state governments. An example of a concurrent power is the power to levy taxes. Concurrent powers
29%
A power enacted by the U.S. president allowing that office to pass a rule or regulation as law. Executive order
24%
An instance in which one political party controls the executive branch, and another political party controls one or both houses of Congress. Divided Government
20%
A tripartite relationship among Congress (particularly sub-committees of Congress), government agencies, and interest groups that helps create U.S. policy. Participants in an iron triangle are also involved in policymaking in order to protect their own self-interests. Iron Triangle
20%
A right held by the federal courts to make rulings on the constitutionality of laws and executive actions. Judicial review is one of the judicial branch's key checks and balances on the other two branches of government. Judicial review
20%
A type of system of government in which the powers of the government are limited by or kept in check by laws or a written Constitution Limited government
18%
A practice used by members of Congress in which two or more members of Congress agree to vote on each other's bills. Members of Congress typically use logrolling in order to pass bills that are personally important to them. Logrolling
18%
This amendment to the U.S. Constitution protects various aspects of citizenship and citizens' rights and has been invoked in several well-known cases. The most familiar phrase in the 14th amendment is "equal protection of the laws"; this phrase played a key role in cases like Brown v. Board of Education (racial discrimination), Roe v. Wade (reproductive rights), and Reed v. Reed (gender discrimination). 14th Amendment
16%
A petition used in the House that begins the process of forcing a bill out of committee (or "discharging" it from committee) and onto the House floor for a vote. A successful discharge petition needs signatures of 218 members, or a majority of the House. Discharge Petition
16%
Powers given exclusively to the states or the people by the 10th amendment of the Constitution. These powers are not shared with the federal government. The purpose of reserved powers is to protect the rights of the states and the people. Reserved powers
16%
Ensure the individual citizen's rights and entitlement to participate in the civil and political life of society and state without discrimination or repression. Civil rights include protection from discrimination on the basis of gender, sexual orientation, color, race, ethnicity, age, political affiliation, religion, and disability. Civil rights
14%
A citizen's entitlement to fair treatment through the judicial system. Due process requires the state to respect the legal rights owed to an individual or group. Due process
14%
A situation when there is difficulty in passing laws that satisfy the needs of the people, often due to a divided government. A government is considered gridlocked when the ratio between bills passed and the agenda of the legislature decreases. This is sometimes also referred to as a "deadlock" or "stalemate." Gridlock
14%
A legal doctrine that requires judges to follow the precedents established in prior court decisions and historical court cases. Stare decisis intends to ensure fairness and consistency in court decisions by requiring judges to approach cases with similar scenarios and facts in the same way. Stare decisis
14%
Additions to the Constitution that further protect the rights and liberties of the people from government interference. The first ten amendments added to the Constitution are called the Bill of Rights. There are 27 constitutional amendments total. Amendments
12%
A legislative act (historically used by Parliament) that declares a person or group of people guilty of a crime and rendering punishment, often without a fair trial. A bill of attainder effectively nullifies the targeted person's civil rights. The use of such bills has been largely rejected due to the potential for abuse and violation of due process and separation of powers. Bill of attainder
12%
Efforts by state representatives and senators to help individual constituents receive things that those constituents believe they deserve. Casework by members of Congress is a form of stepping around bureaucracy in order to get things done. Casework
12%
A trend whereby a significant portion of the electorate abandons its previous party affiliation without developing a new partisan affiliation to replace it. Trends of dealignment have increased since the 1970s. Dealignment
12%
A group that tries to influence the government for the benefit (or interest) of its own members Faction
12%
A section of the First Amendment that reserves the right of citizens to accept any religious belief and freely engage in religious rituals. This clause protects violation of certain laws, as long as these violations are made for religious reasons. Free exercise clause
12%
A constitutional doctrine, sometimes also called the incorporation doctrine, that makes the Bill of Rights binding on state governments, effectively holding them to the same standards as the federal government. Selective incorporation also allows the Supreme Court to incorporate certain parts of certain amendments, rather than incorporating entire amendments at once. Selective Incorporation
12%
Latin for "that you have the body." The federal courts in the U.S. system may use the writ of habeas corpus to determine whether a state's detention of a prisoner is legally valid. Such a writ can be used to bring a prisoner or other detainee before the court to determine if that person's imprisonment or detainment is lawful. Writ of habeas corpus
12%
A term first used by U.S. President Theodore Roosevelt, used to refer to his office as president as an ideal position from which to advocate his political agenda. In general, the term refers to a position that provides an opportunity to speak out and be heard by many. While the word "bully" might hold negative connotations, President Roosevelt applied the term as a synonym for "terrific" or "superb." Bully pulpit
10%
The act of setting boundaries for electoral districts so as to favor political interests within legislative bodies or hurt the political interests of an opposing group. Gerrymandering often creates districts that have convoluted boundaries, rather than consolidating districts into compact areas. Gerrymandering
10%
Refers to a person who adopts the political ideology of liberalism, which favors more government regulation of business and support for social welfare, but less regulation of private social conduct. The definition of "liberal" has changed over time, but contemporary liberals are said to fall on the "left-wing" of the spectrum of political beliefs. Liberal
10%
A political philosophy and essential element of democracy that promotes and encourages a diversity of political stance and participation. Pluralism also assumes that those with different political affiliations and beliefs will both coexist and negotiate solutions for the benefit of society. Pluralism
10%
A set of shared views and accepted judgments held by a population regarding its political system as a whole. A political culture is comprised of the population's underlying feelings, values, beliefs, and knowledge in relation to the political process. Political culture
10%
Refers to the citizens' faith and trust in their government. Political efficacy also refers to the citizens' feeling that they can have an influence on the political system. In modern U.S. society, political efficacy has an effect on voter turnout. Political efficacy
10%
The process by which individuals learn and acquire a political lens. Political socialization frames an individual's perceptions of the world around them, how power is distributed in the world, and how this relationship affects who they are and how they should behave as members of their society. Political socialization
10%
A gathering of local party members to choose candidates for public office or delegates to the national party convention and to decide the party platform. Caucuses are often held in schools, churches, auditoriums, or other locations that can host large numbers of a party's base. Caucus
8%
Authority held by Congress to review, monitor, and supervise federal agencies, programs, activities, and policy implementation. This authority is implied in the Constitution, public laws, and House and Senate rules. Congressional oversight
8%
A system of laws, regulations, and funding priorities concerning a topic that is of interest to a governmental entity or its representatives. Public policy is made on behalf of the public in order to solve a problem or achieve a goal that is in the best interest of society. Public policy
8%
The practice or policy of allocating resources or employment to individuals belonging to groups that have a history of being discriminated against. Affirmative action
6%
The freedom of citizens to exercise customary rights without abridgement by legislation or judicial interpretation. Five basic civil liberties are protected by the First Amendment to the U.S. Constitution. These basic civil liberties are freedom of religion, freedom of speech, freedom of the press, freedom of assembly, and freedom to petition the government. Civil liberties
6%
A specific type of monetary contribution that is made to an individual candidate who is running for political office. Corporations and labor unions are legally banned from making hard money donations to individual candidates, and there are specific limitations on how much hard money an individual candidate may accept. Hard money
6%
Officially known as "An Act to Prevent Pernicious Political Activities," the Hatch Act of 1939 is a U.S. federal law put in place to prohibit members of the executive branch from engaging in certain forms of political activity. These restricted activities include bribing voters, coercing campaign contributions, and active political campaigning. The president, vice president, and certain high-level officials of the executive branch are exempt from these restrictions. Hatch Act
6%
A question that is posed to a candidate for high office by a nominating official or a representative who must vote on a nominee for high office. The nominee's answer to the litmus test question determines whether the nomination official will proceed with the nomination. The litmus test answer may also determine whether a Supreme Court justice will vote for a nominee; the term is most often applied in the context of nominations to the judiciary. Litmus test
6%
All government officials who work in government occupations that are neither judicial nor political are in civil service, and they're referred to as "civil servants." In the U.S., civil servants are non-elected and non-military public sector employees of U.S. federal government departments and agencies. Civil Service
4%
The act of attempting to influence the actions, policies, or decisions of government officials. Legislators and members of regulatory agencies are most often subject to lobbying, and lobbyists may be anyone from a legislator's constituents, to nonprofits, to corporations. Lobbying can result in conflicts of interest when a representative shapes the law in favor of a private group for personal or political gain. Lobbying
4%
Refers to television, radio, magazines, newspapers, the Internet, and other means of public communication. The mass media is heavily involved in distributing information about politics, and influences public perceptions of political leaders, social problems, and what Americans perceive as being "news." Mass media
4%
An organized group of people who share the same ideology and seek out political positions in order to implement an agenda, typically based on the party's shared ideology. The two main political parties in the U.S. are the republican party and the democratic party. Political parties
4%
Associated with journalism, a watchdog is a journalist or publication that informs the public about events and happenings in government institutions and politics, particularly goings-on that may provoke a change in public opinion. Common practices of watchdog journalism include fact-checking, interviewing public figures and challenging them with concerns, and investigating journalism. Watchdog
4%
An alliance of various individuals and/or interest groups who unite for the purpose of influencing government or public policy in favor of a common cause or agenda. In the U.S. today, interest groups often push for policy changes within the government bureaucracy, can be domestic or international, and use the Internet and social media to promote and spread their causes. Issue network
2%
Also known as the Bipartisan Campaign Reform Act of 2002, the McCain-Feingold Act is a federal law that amended the Federal Election Campaign Act of 1971 in order to provide bipartisan campaign reform. The act was specifically designed to ban soft money contributions to political parties and to limit advertising for political candidates by corporations. McCain-Feingold Act
2%
The allocation of government funds for projects created to win votes or please voters and legislators. This metaphor usually applies to the appropriation of government spending on localized projects or within a representative's district. Pork barrel
2%
Refers to the opinions, wants, and desires of the majority of the people in regard to a political or social issue or problem. Public opinion can influence public policy, foreign policy, and decisions made by the president. Public opinion
2%
A process whereby personnel move between roles as legislators or regulators and roles as members of industries affected by legislation and regulation. The notion of a "revolving door" between the private sector and government holds a negative connotation in American politics, as it can result in the granting of privileges that are not in the best interest of the nation. Revolving door
2%
Campaign contributions made to political parties and committees. Soft money campaign financing is a relatively new form of financing campaigns that is not yet heavily regulated. It often involves spending by Super PACs and can amount to hundreds of millions of dollars. Soft money
2%
A federal mandate is an order from the federal government that all state and local governments must follow. State and local governments must comply with federal mandates in order to receive federal aid. Mandates
0%
A specific type of independent political action committee, officially known as an "independent expenditure-only political action committee." Super PACs are legally able to raise and spend large amounts of money in support of a candidate running for political office, but cannot contribute money directly to the candidate they support. Super PACs
0%
No matching quizzes found
Score Distribution
Percent of People with Each Score
Percentile by Number Answered
Your Score History
You have not taken this quiz